00889nam a2200181 a 4500008004100000020001800041050001500059100002000074245014900094260004200243300003600285350001100321650002700332650001500359995018200374999001700556952013400573160229s2011 ||||||||||||||||| || u a9780123756701 aQR 181 Ose aLorenzo, Joseph10aOsteoimmunology: interactions of the immune and skeletal systemscEdited by Joseph Lorenzo, Yongwon Choi, Mark Horowitz [and] Hiroshi Takayanagi aLondonbAcademic Press/Elsevierc2011 axiii, 453 pages : illustrations a112.00 0aMUSCULOSKELETAL SYSTEM 0aIMMUNOLOGY aMICHAEL CHILUFYA SATA OPEN ACCESSe903361FCBU-SCHOOL OF MEDICINE LIBRARY (Ndola)I112.00jQR 181 OseM1UAVAILABLEWMar 14, 2016y903361ZMedical Library Open Access Collection c32288d32288 00102lcc4070a002b002cMedical Library Open Access Collectiond2022-11-30l0oQR 181 Osep903361r2022-11-30w2022-11-30y002